Normal view
MARC view
Entry Personal Name
001 - CONTROL NUMBER
- control field: 71325
003 - CONTROL NUMBER IDENTIFIER
- control field: dpl
005 - DATE AND TIME OF LATEST TRANSACTION
- control field: 20240909144200.0
008 - FIXED-LENGTH DATA ELEMENTS
- fixed length control field: 240909|| aca||aabn | a|a d
040 ## - CATALOGING SOURCE
- Original cataloging agency: dpl
- Transcribing agency: dpl
100 ## - HEADING--PERSONAL NAME
- Personal name: Neumeier Marty
670 ## - SOURCE DATA FOUND
- Source citation: Work cat.: (dpl)205718: Neumeier Marty , The Brand Gap/, 2006
